Умение договариваться: руководство для тренеров: пер. с нем.

Dades bibliogràfiques
Autor principal: Гюрс М. Манфред
Altres autors: Новак К. Клаус
Sumari:Каждый день нам приходится вступать в беседу с самыми разными людьми — дома и на работе, по личным и профессиональным вопросам, для удовольствия или чтобы решить серьезные проблемы. Как сделать наше общение более конструктивным? Как найти общий язык с партнером, понять его и донести до него свои мысли и чувства? Авторы — опытные тренеры и консультанты в области межличностного взаимодействия — знакомят читателей с теорией и практикой конструктивного общения. Используя в качестве базовой теории трансактный анализ, авторы рассказывают о правилах и стратегиях ведения разговора, о вербальных и невербальных составляющих общения, о способах разрешения конфликтных ситуаций, о манипуляциях, которые мешают продуктивному сотрудничеству, и психологических играх. Издание состоит из двух частей; в первой части изложены теоретические основы и правила конструктивного общения; во второй части — практикуме — вы найдете сборник упражнений и методические указания по проведению тренингов эффективного общения. Эта книга станет незаменимым помощником для тренеров и консультантов по межличностным коммуникациям.
Idioma:rus
Publicat: Москва, Вершина, 2006
Matèries:
Format: Llibre
KOHA link:https://koha.lib.tpu.ru/cgi-bin/koha/opac-detail.pl?biblionumber=103546

MARC

LEADER 00000nam0a2200000 4500
001 103546
005 20231031113703.0
010 |a 5962601726 
035 |a (RuTPU)RU\TPU\book\111640 
090 |a 103546 
100 |a 20061018d2006 km y0rusy50 ca 
101 1 |a rus  |c ger 
102 |a RU 
105 |a y z 001zy 
200 1 |a Умение договариваться: руководство для тренеров  |e пер. с нем.  |f М. Гюрс, К. Новак 
210 |a Москва  |c Вершина  |d 2006 
215 |a 416 с. 
320 |a Библиогр.: с. 409-410. 
330 |a Каждый день нам приходится вступать в беседу с самыми разными людьми — дома и на работе, по личным и профессиональным вопросам, для удовольствия или чтобы решить серьезные проблемы. Как сделать наше общение более конструктивным? Как найти общий язык с партнером, понять его и донести до него свои мысли и чувства? Авторы — опытные тренеры и консультанты в области межличностного взаимодействия — знакомят читателей с теорией и практикой конструктивного общения. Используя в качестве базовой теории трансактный анализ, авторы рассказывают о правилах и стратегиях ведения разговора, о вербальных и невербальных составляющих общения, о способах разрешения конфликтных ситуаций, о манипуляциях, которые мешают продуктивному сотрудничеству, и психологических играх. Издание состоит из двух частей; в первой части изложены теоретические основы и правила конструктивного общения; во второй части — практикуме — вы найдете сборник упражнений и методические указания по проведению тренингов эффективного общения. Эта книга станет незаменимым помощником для тренеров и консультантов по межличностным коммуникациям. 
610 1 |a психология 
610 1 |a социальная психология 
610 1 |a общение 
610 1 |a деловое общение 
610 1 |a межличностные коммуникации 
610 1 |a переговоры 
610 1 |a договоры 
610 1 |a конструктивное общение 
610 1 |a теория 
610 1 |a практика 
610 1 |a деловые беседы 
610 1 |a манипулирование 
610 1 |a консультирование 
610 1 |a конфронтация 
610 1 |a групповое общение 
610 1 |a тренинги 
610 1 |a практикумы 
610 1 |a упражнения 
610 1 |a стратегии 
686 |a Ю953  |v LBC/SL-A  |2 rubbk 
700 1 |a Гюрс  |b М.  |g Манфред 
701 1 |a Новак  |b К.  |g Клаус 
801 1 |a RU  |b 63413507  |c 20061018  |g PSBO 
801 2 |a RU  |b 63413507  |c 20150618  |g PSBO 
942 |c BK 
959 |a 89/20061012  |d 1  |e 510,40  |f ЧЗГЛ:1